Fundamentals of cost accounting
Saved in:
| Hovedforfatter: | |
|---|---|
| Format: | Bog |
| Sprog: | engelsk |
| Udgivet: |
McGraw-Hill Education
2017.
|
| Tags: |
Tilføj Tag
Ingen Tags, Vær først til at tagge denne postø!
|
MARC
| LEADER | 00000nam a22000007a 4500 | ||
|---|---|---|---|
| 008 | 210427b ||||| |||| 00| 0 eng d | ||
| 020 | |a 978-1-259-92128-5 | ||
| 100 | |a LANEN, William N. | ||
| 245 | |a Fundamentals of cost accounting |c William N. Lanen, Shannon W. Anderson [and] Michael W. Maher.- |g . xxvi,735p.; ill. | ||
| 250 | |b 5th | ||
| 260 | |b McGraw-Hill Education |c 2017. |h New York |i 691109 |l HF5686 .C8F96 |m Cost accounting | ||
| 500 | |a “It includes bibliographical references and index”. | ||
| 942 | |a lcc |c BK |e Ogunmilade, F.T. |f 27/04/2021 | ||
| 952 | |0 0 |1 0 |2 lcc |4 0 |6 HF5686 C8 F96 |7 0 |9 2342 |a HOL |b HOL |c GJ |d 2021-04-27 |l 0 |o HF5686 .C8F96 |p 2021-6196 |r 2021-04-27 00:00:00 |w 2021-04-27 |y BK | ||
| 999 | |c 1207 |d 1207 | ||